Lízingový rebríček na Slovensku má nového lídra
Nárast lízingového trhu aj v r. 2001. Najrýchlejšie rastie lízing strojov a techniky, najpomalšie lízing osobných áut. Dôvody nárastu slovenského lízingového trhu. Najväčšie lízingové spoločnosti v SR podľa objemu obchodov za prvý polrok r. 2001. Nastala aj výmena na prvých troch miestach lízingovéh...
Enregistré dans:
| Auteur principal: | |
|---|---|
| Format: | Chapitre de livre |
| Langue: | slovaque |
| Sujets: | |
| Tags: |
Pas de tags, Soyez le premier à ajouter un tag!
|
MARC
| LEADER | 00000naa a2200000 4500 | ||
|---|---|---|---|
| 001 | r042879 | ||
| 005 | 20230921111436.0 | ||
| 041 | 0 | |a slo | |
| 044 | |a SK | ||
| 245 | 1 | 0 | |a Lízingový rebríček na Slovensku má nového lídra |c Peter Apolen |
| 520 | |a Nárast lízingového trhu aj v r. 2001. Najrýchlejšie rastie lízing strojov a techniky, najpomalšie lízing osobných áut. Dôvody nárastu slovenského lízingového trhu. Najväčšie lízingové spoločnosti v SR podľa objemu obchodov za prvý polrok r. 2001. Nastala aj výmena na prvých troch miestach lízingového rebríčka. | ||
| 610 | 2 | 0 | |a lízing |
| 610 | 2 | 0 | |a trh |
| 610 | 2 | 0 | |a stroje |
| 610 | 2 | 0 | |a technika |
| 610 | 2 | 0 | |a automobily osobné |
| 610 | 2 | 0 | |a Slovensko |
| 610 | 2 | 0 | |a január-jún |
| 610 | 2 | 0 | |a 2001 |
| 100 | 1 | |a Apolen, Peter | |